000 00358nam a22001577a 4500
003 CEME
005 20210628203121.0
008 210120b xxu||||| |||| 00| 0 eng d
040 _c.
082 _a297 ASM
100 _aAsmat Azeem Asmi
_963415
245 _aSakoon
260 _aLAHORE
_bAL-ATTIQUE PUBLISHERS
_c2006
300 _a293P
942 _cBK
_2ddc
999 _c572247
_d572247